Royal George, the three in one : or, The cold deck on Blazer's /

Bibliographic Details
Main Author: Eyster, William R. (William Reynolds), 1841-1918
Format: Book
Language:English
Published: New York : Beadle & Adams, 1885.
Series:Beadle's New York dime library ; no. 375.
Beadle's dime novels ; DL-375.

MARC

Tag First Indicator Second Indicator Subfields
LEADER 00000cam a2200000 i 4500
001 in00001375310
005 20151006074557.0
008 800808r19801885miua a 000 1 eng d
035 |a (OCoLC)06600318 
035 |9 AHH9522AM 
037 |a CL0054000003  |b University Microfilms International 
037 |b University Microfilms International, 300 N. Zeeb Rd., Ann Arbor, MI 48106 
040 |a UMI  |c UMI  |d UtOrBLW 
049 |a TXAI 
090 |a PS1654.E8  |b R6 
099 |a film  |a B  |a 3866 
100 1 |a Eyster, William R.  |q (William Reynolds),  |d 1841-1918. 
245 1 0 |a Royal George, the three in one :  |b or, The cold deck on Blazer's /  |c by Wm. R. Eyster. 
264 1 |a New York :  |b Beadle & Adams,  |c 1885. 
300 |a 31 pages :  |b illustrations 
336 |a text  |b txt  |2 rdacontent 
337 |a microform  |b h  |2 rdamedia 
338 |a microfilm reel  |b hd  |2 rdacarrier 
490 1 |a Beadle's New York dime library ;  |v no. 375 
500 |a Microfilm. Ann Arbor, Mich. : University Microfilms Intdrnational, 1980. -- 1 reel ; 35 mm. -- (Dime novels ; Unit 3 ; 375-DL : reel 33:4). 
500 |a Microform. 
830 0 |a Beadle's New York dime library ;  |v no. 375. 
830 0 |a Beadle's dime novels ;  |v DL-375. 
999 |a MARS 
999 f f |s 1f6bcb68-44ca-3cc1-82a2-165d8d2527f5  |i 2e38b7e6-0c34-39a6-b580-c2103c123753  |t 0 
952 f f |p default  |a Texas A&M University  |b College Station  |c Sterling C. Evans Library  |d Evans: Microforms (3rd floor)  |t 0  |e film B 3866 reel 33:4  |h Other scheme  |i microform -- microfilm reel 
998 f f |a film B 3866 reel 33:4  |t 0  |l Evans: Microforms (3rd floor)